000 00286nam a2200121Ia 4500
008 190216s9999||||xx |||||||||||||| ||und||
100 _aSasidharan N K
245 0 _aKashmir Kashmir
260 _bPoorna Pubs Kozhikode
_c1994
300 _a218
650 _aMalayalam Novel
942 _cBK
999 _c27206
_d27206